|
|
|
|
| LEADER |
00000cam a2200000 4500 |
| 005 |
20110926103123.0 |
| 008 |
100128s2009 sp f | | 000 0 spa c |
| 017 |
|
|
|a DL B. 45882-2009
|a DL B. 46392-2009
|
| 020 |
|
|
|a 9788476988886
|
| 035 |
|
|
|a 4955
|
| 040 |
|
|
|d vLex
|
| 080 |
|
|
|a 334.75(4):336.2
|
| 080 |
|
|
|a 336.2:334.75(4)
|
| 090 |
|
|
|c 2569
|d 2569
|
| 100 |
1 |
|
|a Franch Flux,̉ Juan
|
| 245 |
1 |
0 |
|a Reforma y armonizacin̤ de la fiscalidad de los grupos societarios europeos
|h [Recurso electrn̤ico] /
|c Juan Franch Flux̉
|
| 256 |
|
|
|a Servicio en ln̕ea.
|
| 260 |
|
|
|a Barcelona :
|b Bosch,
|c 2009
|
| 300 |
|
|
|a 484 p. ;
|c 24 cm
|
| 490 |
1 |
|
|a Coleccin̤ de fiscalidad
|
| 500 |
|
|
|a Reimpresiones: 2009
|
| 504 |
|
|
|a Bibliografa̕
|
| 506 |
1 |
|
|a Contenido solo disponible en los productos indicados
|d vLex Global
|d vLex Global (Academic Edition, excluding Law Schools)
|d vLex Global (U.S. Academic Edition, Law Schools)
|d vLex Global (U.S. Academic Edition, excluding Law Schools)
|d vLex Global (Academic Edition, Law Schools)
|
| 650 |
|
|
|a Grupo de empresas
|z Unin̤ europea, Paises de la
|
| 650 |
|
|
|a Holdings
|x Impuestos
|z Unin̤ europea, Paises de la
|
| 740 |
0 |
|
|a vLex Libros (Servicio en ln̕ea)
|
| 830 |
|
0 |
|a Coleccin̤ de fiscalidad
|
| 856 |
4 |
0 |
|u http://vlex.com/source/reforma-armonizacion-fiscalidad-grupos-societarios-europeos-4955
|z Acceso restringido
|
| 942 |
|
|
|c BOOK
|